Understanding Virtual Reality

Saved in:
Bibliografiske detaljer
Hovedforfatter: William Sherman
Format: Bog
Udgivet: Morgan Kaufmann
Fag:
VR
Tags: Tilføj Tag
Ingen Tags, Vær først til at tagge denne postø!

MARC

LEADER 00000nam a2200000Ia 4500
005 20260427112705.0
526 |b Immersive Arts 
100 |a William Sherman 
020 |a 9780128183991 
650 |a VR 
526 |a Masters 
942 |c BK 
245 |a Understanding Virtual Reality 
260 |b Morgan Kaufmann 
999 |c 68  |d 68 
952 |0 0  |1 0  |4 0  |7 0  |8 4  |a BRISTOL  |b BRISTOL  |d 2026-04-22  |l 0  |p 000125  |r 2026-04-27 11:27:05  |w 2026-04-27  |y BK